| 000 | 00486nam a2200121Ia 4500 | ||
|---|---|---|---|
| 008 | 220620s9999||||xx |||||||||||||| ||und|| | ||
| 245 | 0 |
_aBetween Mobility and Migration _bThe Multi-Level Governance of Intra-European Movement |
|
| 546 | _aEnglish[eng] | ||
| 650 | _aSocial sciences||Emigration and immigration||Public policy||Public finance | ||
| 700 | _aScholten, Peter||van Ostaijen, Mark | ||
| 856 | _uhttps://library.oapen.org/bitstream/20.500.12657/23050/1/1007110.pdf | ||
| 942 | _cEB | ||
| 999 |
_c35083 _d35083 |
||